| 000 | 00792nam a22002417a 4500 | ||
|---|---|---|---|
| 005 | 20170124105911.0 | ||
| 010 | _aA-951005 | ||
| 020 |
_c125.00 _a9788120314702 |
||
| 035 | _aA-951005 | ||
| 037 | _bCen Lib/Ret | ||
| 040 |
_aDPL _bEN |
||
| 082 |
_a005.369 _bSHA |
||
| 100 |
_aShaw, Mary _9111 |
||
| 245 |
_aSoftware architecture : _cby Mary Shaw [and] David Garlan _bperspectives on an emerging discipline |
||
| 260 |
_aNew Delhi _bPrentice-Hall of India _c1999 |
||
| 270 |
_aM-97,Cannaught Circus _bNew Delhi _e110001 |
||
| 300 |
_a242p. _c24cm(pbk) |
||
| 500 | _aIncludes bibliographical reference and index | ||
| 650 |
_aSoftware Architecture _9112 |
||
| 650 |
_aSoftware technology _9113 |
||
| 700 |
_aGarlan, David _9105688 |
||
| 942 |
_2ddc _cEN _h005.369 _mSHA |
||
| 999 |
_c122530 _d122530 |
||